Salta al contenuto

Практикум по чтению художественных текстов на немецком языке

В пособии представлен ряд текстов фабульного характера. Источниками являются аутентичные тексты немецких и австрийских авторов. Материал предназначен для студентов, обучающихся по направлению подготовки 45.03.01 «Филология». Представленные в пособии задания направлены на улучшение речевой компетентн...

Descrizione completa

Salvato in:
Dettagli Bibliografici
Autore principale: Волкова Е. А.
Altri autori: Ежова Ю. М., Варшавер Н. В., Сибирцева В. Г.
Natura: Книга
Lingua:Russian
Pubblicazione: Нижний Новгород ННГУ им. Н. И. Лобачевского 2022
Accesso online:https://e.lanbook.com/book/282965
https://e.lanbook.com/img/cover/book/282965.jpg
Tags: Aggiungi Tag
Nessun Tag, puoi essere il primo ad aggiungerne! !
LEADER 02917nam0a2200301 i 4500
001 282965
003 RuSpLAN
005 20221220174212.0
008 221220s2022 ru gs 000 0 rus
040 |a RuSpLAN 
041 0 |a rus 
044 |a ru 
080 |a 811.112.2 
084 |a 81.2Нем-923.  |2 rubbk 
245 0 0 |a Практикум по чтению художественных текстов на немецком языке  |c Волкова Е. А.,Ежова Ю. М.,Варшавер Н. В.,Сибирцева В. Г. 
260 |a Нижний Новгород  |b ННГУ им. Н. И. Лобачевского  |c 2022 
300 |a 45 с. 
500 |a Рекомендовано методической комиссией Института филологии и журналистики для студентов ННГУ, обучающихся по направлению подготовки 45.03.01 «Филология» (Направленность образовательной программы «Зарубежная филология») 
504 |a Библиогр.: доступна в карточке книги, на сайте ЭБС Лань 
520 8 |a В пособии представлен ряд текстов фабульного характера. Источниками являются аутентичные тексты немецких и австрийских авторов. Материал предназначен для студентов, обучающихся по направлению подготовки 45.03.01 «Филология». Представленные в пособии задания направлены на улучшение речевой компетентности студентов, овладение практическими умениями и навыками в области письменного и устного перевода, понимание структуры языка, его лексических и фразеологических особенностей, выразительных средств и стилистических приемов. Пособие содержит список слов, подлежащих активному усвоению, грамматические и лексические упражнения, тесты, задания по развитию навыка дискуссии. 
521 8 |a Книга из коллекции ННГУ им. Н. И. Лобачевского - Языкознание и литературоведение 
100 1 |a Волкова Е. А. 
700 1 |a Ежова Ю. М. 
700 1 |a Варшавер Н. В. 
700 1 |a Сибирцева В. Г. 
856 4 |u https://e.lanbook.com/book/282965 
856 4 8 |u https://e.lanbook.com/img/cover/book/282965.jpg 
953 |a https://e.lanbook.com/img/cover/book/282965.jpg